| 000 | 00652nam a22002057a 4500 | ||
|---|---|---|---|
| 999 |
_c7277 _d7277 |
||
| 003 | OSt | ||
| 005 | 20191125161215.0 | ||
| 008 | 191125s2019 spc |||| |||| 000 m spa|d | ||
| 017 |
_aDL B. 21.835-2019 _bBiblioteca de Catalunya |
||
| 020 | _a9788417007997 | ||
| 040 |
_aES-BaUAB _bcat _cCDMR |
||
| 100 | 1 |
_aGuerriero, Leila, _d1967- |
|
| 245 | 1 | 0 |
_aTeoría de la gravedad _c/ Leila Guerriero ; prólogo de Pedro Mairal |
| 260 |
_aBarcelona : _bLibros del Asteroide, _c2019 |
||
| 300 |
_axi, 196 p. ; _c20 cm |
||
| 500 | _aRecull d'articles publicats al diari El País, 2014-2019 | ||
| 700 | 1 |
_aMairal, Pedro, _d1970- |
|
| 940 | _aUAB | ||
| 942 |
_2udc _cMON |
||